Diseño y construcción de una máquina trilladora de granos
Shranjeno v:
| Glavni avtor: | |
|---|---|
| Drugi avtorji: | |
| Format: | Neznan |
| Izdano: |
[San José, Costa Rica]
1980
|
| Teme: | |
| Oznake: |
Označite
Brez oznak, prvi označite!
|
MARC
| LEADER | 00000 a2200000 4500 | ||
|---|---|---|---|
| 003 | 001739 | ||
| 005 | 20221231143747.0 | ||
| 008 | 140114s1980 cr a m 000 ||s d | ||
| 040 | |c cru CEDI | ||
| 090 | |a TFG 1149 | ||
| 100 | |a Camacho González, Jorge |9 15678 | ||
| 245 | |a Diseño y construcción de una máquina trilladora de granos | ||
| 260 | |c 1980 |a [San José, Costa Rica] | ||
| 300 | |a 28 hojas : ilustraciones, 1 plano plegado en bolsillo. | ||
| 500 | |a A la cabeza de la portada. Proyecto de graduación. IM-410. Universidad de Costa Rica. Facultad de Ingeniería. Escuela de Ingeniería Mecánica | ||
| 650 | |x TRILLADORAS |x DISEÑO Y CONSTRUCCION |x MAQUINARIA AGRICOLA |9 14742 | ||
| 700 | |9 15680 |a Rodríguez, Juan Carlos | ||
| 942 | |c TFG | ||
| 999 | |c 11396 |d 11396 | ||
